<?xml version="1.0" encoding="UTF-8"?>
<record
    xmlns:xsi="http://www.w3.org/2001/XMLSchema-instance"
    xsi:schemaLocation="http://www.loc.gov/MARC21/slim http://www.loc.gov/standards/marcxml/schema/MARC21slim.xsd"
    xmlns="http://www.loc.gov/MARC21/slim">

  <leader>00984nam a2200265 a 4500</leader>
  <controlfield tag="001">BRL_470</controlfield>
  <controlfield tag="005">20190320210746.0</controlfield>
  <controlfield tag="008">190813s1989----mx-o######---#000-0#spa-#</controlfield>
  <datafield tag="041" ind1=" " ind2=" ">
    <subfield code="a">spa</subfield>
  </datafield>
  <datafield tag="044" ind1=" " ind2=" ">
    <subfield code="a">mx</subfield>
  </datafield>
  <datafield tag="050" ind1=" " ind2="4">
    <subfield code="a">F1391.T216</subfield>
    <subfield code="b">.R36 1989</subfield>
  </datafield>
  <datafield tag="100" ind1="1" ind2=" ">
    <subfield code="a">Ram&#xED;rez Salazar, Carlos Arturo</subfield>
    <subfield code="9">24012</subfield>
  </datafield>
  <datafield tag="245" ind1="1" ind2="0">
    <subfield code="a">Tanquian</subfield>
    <subfield code="b">el poder y su din&#xE1;mica hist&#xF3;rica en la huasteca potosina 1870-1985</subfield>
    <subfield code="c">Carlos Arturo Ram&#xED;rez S.</subfield>
  </datafield>
  <datafield tag="260" ind1=" " ind2=" ">
    <subfield code="a">M&#xE9;xico</subfield>
    <subfield code="b">Archivo Hist&#xF3;rico del Estado de San Luis Potos&#xED;</subfield>
    <subfield code="c">1989</subfield>
  </datafield>
  <datafield tag="300" ind1=" " ind2=" ">
    <subfield code="a">178 p.</subfield>
    <subfield code="b">il., mapas</subfield>
    <subfield code="c">22 cm.</subfield>
  </datafield>
  <datafield tag="500" ind1=" " ind2=" ">
    <subfield code="a">Au497, Au2116</subfield>
  </datafield>
  <datafield tag="504" ind1=" " ind2=" ">
    <subfield code="a">Bibliograf&#xED;a: p. 169-177</subfield>
  </datafield>
  <datafield tag="650" ind1="1" ind2="4">
    <subfield code="a">Elite (ciencias sociales)</subfield>
    <subfield code="z">Tanqui&#xE1;n, San Luis Potos&#xED;</subfield>
    <subfield code="9">24013</subfield>
  </datafield>
  <datafield tag="650" ind1="1" ind2="4">
    <subfield code="a">Poder (ciencias sociales)</subfield>
    <subfield code="z">Tanqui&#xE1;n, San Luis Potos&#xED;</subfield>
    <subfield code="9">24014</subfield>
  </datafield>
  <datafield tag="651" ind1=" " ind2="4">
    <subfield code="a">Tanqui&#xE1;n, San Luis Potos&#xED;</subfield>
    <subfield code="x">Historia</subfield>
    <subfield code="9">24015</subfield>
  </datafield>
  <datafield tag="651" ind1=" " ind2="4">
    <subfield code="a">Huasteca, Regi&#xF3;n (M&#xE9;xico)</subfield>
    <subfield code="x">Historia</subfield>
    <subfield code="9">24016</subfield>
  </datafield>
  <datafield tag="651" ind1=" " ind2="4">
    <subfield code="a">San Luis Potos&#xED;, M&#xE9;xico</subfield>
    <subfield code="x">Historia</subfield>
    <subfield code="9">5574</subfield>
  </datafield>
  <datafield tag="902" ind1=" " ind2=" ">
    <subfield code="a">GRL</subfield>
  </datafield>
  <datafield tag="942" ind1=" " ind2=" ">
    <subfield code="2">lcc</subfield>
    <subfield code="c">B</subfield>
  </datafield>
  <datafield tag="999" ind1=" " ind2=" ">
    <subfield code="c">9282</subfield>
    <subfield code="d">9282</subfield>
  </datafield>
  <datafield tag="952" ind1=" " ind2=" ">
    <subfield code="0">0</subfield>
    <subfield code="1">0</subfield>
    <subfield code="4">0</subfield>
    <subfield code="7">0</subfield>
    <subfield code="a">BRL</subfield>
    <subfield code="b">BRL</subfield>
    <subfield code="d">2013-08-19</subfield>
    <subfield code="l">0</subfield>
    <subfield code="o">F1391.T216 .R36 1989</subfield>
    <subfield code="p">GRL00503</subfield>
    <subfield code="r">2019-03-22 00:00:00</subfield>
    <subfield code="w">2019-03-22</subfield>
    <subfield code="y">B</subfield>
  </datafield>
  <datafield tag="952" ind1=" " ind2=" ">
    <subfield code="0">0</subfield>
    <subfield code="1">0</subfield>
    <subfield code="4">0</subfield>
    <subfield code="7">0</subfield>
    <subfield code="a">BRL</subfield>
    <subfield code="b">BRL</subfield>
    <subfield code="d">2015-08-26</subfield>
    <subfield code="l">0</subfield>
    <subfield code="o">F1391.T216 .R36 1989</subfield>
    <subfield code="p">GRL00504</subfield>
    <subfield code="r">2019-03-22 00:00:00</subfield>
    <subfield code="w">2019-03-22</subfield>
    <subfield code="y">B</subfield>
  </datafield>
</record>
